Journal of petroleum technology: JPT (Record no. 38438)

MARC details
000 -LEADER
fixed length control field 00469nam a2200169Ia 4500
022 ## - INTERNATIONAL STANDARD SERIAL NUMBER
ISSN 01492136
050 ## - CALL MARK
Classification number TN 860 .J68/
245 #0 - TITLE STATEMENT
Title Journal of petroleum technology: JPT
260 ## - PUBLICATION, DISTRIBUTION, ETC. (IMPRINT)
Place of publication Dallas, Tex. AIME,
260 ## - PUBLICATION, DISTRIBUTION, ETC. (IMPRINT)
Name of publisher The Society of Petroleum Engineers of AIME
260 ## - PUBLICATION, DISTRIBUTION, ETC. (IMPRINT)
Year of publication 2015
300 ## - PHYSICAL DESCRIPTION
Number of Pages 168 p. :ill. ; 28 cm.
650 ## - SUBJECT ADDED ENTRY--TOPICAL TERM
Topical Term Petroleum engineering--Periodicals.
942 ## - ADDED ENTRY ELEMENTS (KOHA)
Koha item type Serials

No items available.